Score 0/20 Timer 03:00
0 Plays Today
% Correct
Unicorn
99.4%
Umbrella
97%
Unicycle
94.8%
U.F.O.
93.5%
Unibrow
92.5%
Urinal
90.6%
Uniform
89.5%
Urn
87.2%
Utah
84.2%
Udder
82.3%
% Correct
Urchin
79.2%
Utensils
78.4%
Ukulele
78.2%
Undershirt
76.3%
Ultrasound
72.3%
Uvula
68.6%
Unitard
67.4%
Umpire
66%
Usher
53.8%
Upholstery
35.8%

You're not logged in!

Compare scores with friends on all Sporcle quizzes.
OR
Log In

Sporcle TV

Today on Sporcle TV


Watch our educational content, quiz creation guides, and fun videos on Sporcle TV.

Show Comments

Extras

Top Quizzes Today


Score Distribution

Paid Content

Your Account Isn't Verified!

In order to create a playlist on Sporcle, you need to verify the email address you used during registration. Go to your Sporcle Settings to finish the process.

Report this User

Report this user for behavior that violates our Community Guidelines.

Details: